01313nam a22002537a 4500999001500000003000900015008004100024040007100065082001600136110003300152245007000185260004400255300003600299440005000335505045100385650002500836650001600861650001800877650002300895650001400918942001600932945000900948952010200957 c6565d6565AR-CdUCM190318b ||||| |||| 00| 0 spa d aMUNICIPALIDAD PROVINCIAL DEL CUSCOcBIBLIOTECA MUNICIPAL DEL CUSCO a080 /bSA18 aSalvat Editores, S.A.918368 aBiblioteca Salvat de Grandes Temas :bEl cine, arte e industria / aEspañabSalvat Editores, S.A.,c1974. bIlustraciones en color,c20 cm. aBiblioteca Salvat de Grandes Temas n5918519 aContenido: 1. La contaminación, 2.Historia mundial desde 1939, 3.La formación de la tierra, 4. El nacimiento de un niño, 5.El cine, arte e industria, 6.Los átomos, 7.El arte abstracto y arte figurativo 8.El origen del hombre, 9.Las noticias y la información, 10.El sistema solar, 11.La pobreza en las grandes ciudades, 12.Nuevos rumbos del teatro, lingüística y significación, 14.La televisión, 15. La explosión demográfica aEnciclopedia 918213 aCine913177 aCultura 9126 aColección 92826 aArte9561 2ddccLIBROS admma 002ddc4070aSHbSHcCARTd2019-03-18g20.00o080 / SA18 / t.5pSH0000007698r2019-03-18yLIBROS